[Event "Penang op 11th"]
[Site "Penang"]
[Date "2019.12.11"]
[Round "4"]
[White "Lim, Chuin Hoong Ronnie"]
[Black "Arfan, Aditya Bagus"]
[Result "0-1"]
[WhiteElo "2277"]
[BlackElo "2072"]
[PlyCount "87"]
[EventDate "2019.12.09"]
[EventType "swiss"]
[EventRounds "9"]
[EventCountry "MAS"]
[SourceTitle "CBM 193 Extra"]
[Source "ChessBase"]
[SourceDate "2020.01.31"]
[SourceVersion "1"]
[SourceVersionDate "2020.01.31"]
[SourceQuality "1"]

1. d4 d5 2. c4 c6 3. cxd5 cxd5 4. Nc3 Nf6 5. Bf4 Nc6 6. e3 a6 7. Qb3 e6 8. Nf3 Be7 9. h3 b5 10. Bd3 Bb7 11. 0-0 0-0 12. Rac1 Rc8 13. Qd1 Na5 14. Bb1 Nc4 15. Qe2 Nb6 16. Bd3 Ne4 17. Nd2 Nxc3 18. Rxc3 Rxc3 19. bxc3 Na4 20. Rc1 Bd6 21. Nb1 Qc7 22. Bxd6 Qxd6 23. Bc2 Nb6 24. f4 Rc8 25. Rf1 Nd7 26. Bd3 Nf6 27. Qb2 Qc7 28. Rc1 Ne4 29. Rc2 g5 30. Bxe4 dxe4 31. Rf2 Bd5 32. Qa3 a5 33. fxg5 b4 34. cxb4 Qc1+ 35. Rf1 Qxa3 36. Nxa3 axb4 37. Nb5 Bxa2 38. Nd6 Rc7 39. Nxe4 b3 40. Nf6+ Kh8 41. Rf2 Rc2 42. Rf4 b2 43. Rh4 b1Q+ 44. Kh2 0-1

[Event "Penang op 11th"]
[Site "Penang"]
[Date "2019.12.10"]
[Round "3"]
[White "Sivuk, Vitaly"]
[Black "Lim, Chuin Hoong Ronnie"]
[Result "1-0"]
[WhiteElo "2588"]
[BlackElo "2277"]
[PlyCount "63"]
[EventDate "2019.12.09"]
[EventType "swiss"]
[EventRounds "9"]
[EventCountry "MAS"]
[SourceTitle "CBM 193 Extra"]
[Source "ChessBase"]
[SourceDate "2020.01.31"]
[SourceVersion "1"]
[SourceVersionDate "2020.01.31"]
[SourceQuality "1"]

1. d4 d6 2. e4 Nf6 3. Nc3 Nbd7 4. g4 h6 5. h3 e5 6. Nge2 c6 7. a4 d5 8. exd5 cxd5 9. dxe5 Nxe5 10. Bg2 Bb4 11. 0-0 Be6 12. Nf4 Bxc3 13. bxc3 0-0 14. Re1 Qc7 15. Qe2 Nc4 16. g5 hxg5 17. Nxe6 fxe6 18. Qxe6+ Kh8 19. Bxg5 Rae8 20. Qf5 Ne4 21. Qg6 Ne5 22. Qh5+ Kg8 23. Rxe4 Nf3+ 24. Bxf3 dxe4 25. Be2 e3 26. f4 Re6 27. Rb1 Qxc3 28. Bd3 g6 29. Qe2 Rc8 30. f5 gxf5 31. Bxf5 Re5 32. Bf6 1-0

[Event "Penang op 10th"]
[Site "Penang"]
[Date "2018.12.07"]
[Round "7"]
[White "Lim, Chuin Hoong Ronnie"]
[Black "Li, Bo"]
[Result "0-1"]
[WhiteElo "2299"]
[BlackElo "2312"]
[PlyCount "138"]
[EventDate "2018.12.03"]
[EventType "swiss"]
[EventRounds "9"]
[EventCountry "MAS"]
[SourceTitle "CBM 187 Extra"]
[Source "ChessBase"]
[SourceDate "2018.11.04"]
[SourceVersion "1"]
[SourceVersionDate "2018.11.04"]
[SourceQuality "1"]

1. Nf3 Nf6 2. c4 g6 3. Nc3 Bg7 4. e4 d6 5. d4 0-0 6. Be2 e5 7. 0-0 exd4 8. Nxd4 Re8 9. f3 c6 10. Nc2 Na6 11. Kh1 Be6 12. Be3 Qc7 13. Qd2 Rad8 14. Rad1 Bc8 15. Bg5 Nc5 16. Nd4 Qe7 17. Rfe1 Qf8 18. Bf1 h6 19. Bh4 Qe7 20. Qc1 Qf8 21. Nc2 Qe7 22. b4 Ne6 23. Nd5 cxd5 24. exd5 Qc7 25. dxe6 Rxe6 26. Rxe6 Bxe6 27. Nd4 Bd7 28. Qd2 Ba4 29. Re1 Bd7 30. Rd1 Ba4 31. Re1 Re8 32. Rxe8+ Bxe8 33. Qe3 Qd8 34. Nb3 b6 35. Nd4 Bd7 36. Bg3 Bf8 37. Nb3 Nh5 38. Bf2 Qf6 39. Qd2 Be6 40. Nd4 Bd7 41. Be3 Qh4 42. Kg1 Kh7 43. Nb3 Be6 44. Nd4 Bd7 45. a3 Qd8 46. Ne2 Qc7 47. Nc3 Nf6 48. Bd4 Ne8 49. Nd5 Qb7 50. Qf4 f5 51. Qh4 Be6 52. Qd8 Qf7 53. Qa8 Bg7 54. Bf2 Nf6 55. Nxf6+ Bxf6 56. Qc6 Qd7 57. Qxd7+ Bxd7 58. c5 dxc5 59. bxc5 b5 60. Bd3 Bb2 61. a4 bxa4 62. Bc4 a3 63. Be3 Kg7 64. Kf2 Kf6 65. Bxh6 Be6 66. Bg7+ Kf7 67. Bxb2 axb2 68. Bd3 Ba2 69. c6 Ke7 0-1

[Event "Kuala Lumpur Masters"]
[Site "Kuala Lumpur"]
[Date "2013.06.26"]
[Round "8"]
[White "Lim, Chuin Hoong Ronnie"]
[Black "Lim, Zhuo Ren"]
[Result "1/2-1/2"]
[WhiteElo "2349"]
[BlackElo "2171"]
[PlyCount "92"]
[EventDate "2013.06.22"]
[EventType "tourn"]
[EventRounds "9"]
[EventCountry "MAS"]
[SourceTitle "CBM 155 Extra"]
[Source "ChessBase"]
[SourceDate "2013.08.26"]
[SourceVersion "1"]
[SourceVersionDate "2013.08.26"]
[SourceQuality "1"]

1. d4 Nf6 2. c4 c5 3. d5 e6 4. Nc3 exd5 5. cxd5 d6 6. Nf3 g6 7. Bf4 a6 8. a4 Bg7 9. h3 0-0 10. e3 Re8 11. Nd2 Qc7 12. Nc4 Bf8 13. Qb3 Nbd7 14. a5 Rb8 15. Be2 b5 16. axb6 Nxb6 17. Na5 c4 18. Qd1 Bd7 19. 0-0 Bg7 20. Bf3 Nc8 21. Nc6 Rxb2 22. Rxa6 Rb3 23. Ne2 Qb7 24. Ra2 Rd3 25. Qc2 Nxd5 26. Qxc4 Bxc6 27. Qxd3 Nb4 28. Qb3 Nxa2 29. Qxb7 Bxb7 30. Bxb7 Bf6 31. Rb1 Ne7 32. Bxd6 Rd8 33. Bc5 Rd2 34. Bf3 Kg7 35. g4 Nc6 36. Bxc6 Rxe2 37. Rb8 Be5 38. Bf8+ Kf6 39. Rb6 Rb2 40. Bb5+ Kg5 41. f4+ Kh4 42. fxe5 Nc3 43. Rf6 Nxb5 44. Rxf7 Kg3 45. e6 Rb1+ 46. Rf1 Rb2 1/2-1/2

[Event "Kuala Lumpur Masters"]
[Site "Kuala Lumpur"]
[Date "2013.06.26"]
[Round "9"]
[White "Teh, Eu Wen Aron"]
[Black "Lim, Chuin Hoong Ronnie"]
[Result "1/2-1/2"]
[WhiteElo "1981"]
[BlackElo "2349"]
[PlyCount "108"]
[EventDate "2013.06.22"]
[EventType "tourn"]
[EventRounds "9"]
[EventCountry "MAS"]
[SourceTitle "CBM 155 Extra"]
[Source "ChessBase"]
[SourceDate "2013.08.26"]
[SourceVersion "1"]
[SourceVersionDate "2013.08.26"]
[SourceQuality "1"]

1. d4 Nf6 2. c4 g6 3. Nc3 Bg7 4. e4 d6 5. Be2 0-0 6. Bg5 Na6 7. Qd2 Qe8 8. f3 e5 9. d5 Nd7 10. g4 Ndc5 11. 0-0-0 f5 12. Be3 Rf7 13. Kb1 Na4 14. Nxa4 Qxa4 15. b3 Qe8 16. Qc2 Bf8 17. h4 f4 18. Bd2 c5 19. Nh3 h6 20. Nf2 Rb8 21. Rc1 b6 22. Qb2 Rfb7 23. Nd1 Nc7 24. Nc3 a6 25. Qc2 b5 26. Ka1 Bd7 27. Bd3 Na8 28. Rb1 Nb6 29. h5 g5 30. Ne2 b4 31. Kb2 a5 32. Kc1 a4 33. Kd1 Ra7 34. Bc1 Rba8 35. Kd2 Qc8 36. Rg1 Be8 37. Rh1 Nd7 38. Qd1 Nf6 39. Qf1 Bd7 40. Kc2 axb3+ 41. axb3 Ra2+ 42. Bb2 R8a7 43. Kc1 Qa8 44. Qg2 Bg7 45. Rg1 Qf8 46. Kc2 Qa8 47. Nc1 R2a5 48. Be2 Be8 49. Rh1 Nd7 50. Nd3 Nb6 51. Rhg1 Ra2 52. Nc1 R2a5 53. Nd3 Ra2 54. Nc1 R2a5 1/2-1/2

[Event "Kuala Lumpur Masters"]
[Site "Kuala Lumpur"]
[Date "2013.06.23"]
[Round "2"]
[White "Wong, Jianwen"]
[Black "Lim, Chuin Hoong Ronnie"]
[Result "1-0"]
[WhiteElo "2120"]
[BlackElo "2349"]
[PlyCount "157"]
[EventDate "2013.06.22"]
[EventType "tourn"]
[EventRounds "9"]
[EventCountry "MAS"]
[SourceTitle "CBM 155 Extra"]
[Source "ChessBase"]
[SourceDate "2013.08.26"]
[SourceVersion "1"]
[SourceVersionDate "2013.08.26"]
[SourceQuality "1"]

1. e4 c5 2. Nf3 d6 3. Nc3 Nf6 4. e5 dxe5 5. Nxe5 e6 6. Be2 a6 7. a4 Bd6 8. d4 Bc7 9. Be3 Nd5 10. Nxd5 exd5 11. 0-0 0-0 12. Ra3 f6 13. Nd3 cxd4 14. Bxd4 Nc6 15. Bc5 Re8 16. Nb4 Nxb4 17. Bxb4 Bf5 18. Bd3 Qd7 19. Bc3 Bg4 20. Qd2 Kh8 21. Bd4 Bd6 22. Raa1 Bf3 23. h3 Bc7 24. Rfe1 Qd6 25. g3 Qd7 26. Kh2 Be4 27. Bxe4 dxe4 28. Qe3 Rad8 29. c3 Qc6 30. Qe2 Re6 31. Qg4 Rde8 32. b3 Qd5 33. Qd1 Qf5 34. Qg4 Qd5 35. Qd1 R6e7 36. Ra2 Qf7 37. Rae2 f5 38. f4 Rd7 39. Qc2 Red8 40. Rf2 h6 41. Kg2 Ba5 42. Re3 Rc8 43. Qb1 Rd5 44. g4 Re8 45. Rg3 Rxd4 46. cxd4 e3 47. Re2 Qd5+ 48. Rf3 fxg4 49. hxg4 Qxd4 50. Qg6 Re7 51. Qf5 Bb4 52. Qc8+ Kh7 53. Qc2+ g6 54. f5 Qxg4+ 55. Rg3 Qxf5 56. Qxf5 gxf5 57. Rgxe3 Rg7+ 58. Kf3 Rg1 59. Rg2 Rf1+ 60. Ke2 Rb1 61. Rd3 Re1+ 62. Kf3 Re7 63. Kf4 a5 64. Kxf5 b6 65. Kf6 Rc7 66. Rdg3 Rc6+ 67. Kf7 Rc7+ 68. Ke6 Bc5 69. Rd3 Re7+ 70. Kf6 Rc7 71. Rgd2 Rc6+ 72. Kf5 Rc7 73. Rd7+ Rxd7 74. Rxd7+ Kg8 75. Kg6 Kf8 76. Kxh6 Ke8 77. Rb7 Kd8 78. Kg6 Ke8 79. Rh7 1-0

[Event "Kuala Lumpur op 2nd"]
[Site "Kuala Lumpur"]
[Date "2005.08.26"]
[Round "11"]
[White "Sales, Jesse Noel"]
[Black "Lim, Chuin Hoong Ronnie"]
[Result "1-0"]
[WhiteElo "2340"]
[BlackElo "2239"]
[PlyCount "80"]
[EventDate "2005.08.20"]
[EventType "swiss"]
[EventRounds "11"]
[EventCountry "MAS"]
[SourceTitle "CBM 108 Extra"]
[Source "ChessBase"]
[SourceDate "2005.11.04"]
[SourceVersion "1"]
[SourceVersionDate "2005.11.04"]
[SourceQuality "1"]

1. Nf3 Nf6 2. c4 g6 3. Nc3 Bg7 4. e4 d6 5. d4 0-0 6. Be2 e5 7. 0-0 Nc6 8. d5 Ne7 9. b4 Nh5 10. Re1 f5 11. Ng5 Nf6 12. Bf3 c6 13. Be3 cxd5 14. cxd5 h6 15. Ne6 Bxe6 16. dxe6 fxe4 17. Nxe4 Nxe4 18. Bxe4 d5 19. Bc2 b6 20. Qg4 e4 21. Rad1 Qc7 22. Bb3 Rf5 23. Re2 Qc3 24. Rc2 Qxb4 25. Rc7 h5 26. Qh3 a5 27. Rb7 a4 28. Bc2 Re8 29. Rxb6 Qa5 30. Rb7 Bf6 31. Ra7 Qb5 32. Bxa4 Qe2 33. g4 hxg4 34. Qf1 Qf3 35. Re1 Rh5 36. Bd1 Qf5 37. Qg2 Be5 38. Bxg4 Rxh2 39. Bxf5 Rxg2+ 40. Kxg2 Nxf5 1-0

[Event "Kuala Lumpur op 2nd"]
[Site "Kuala Lumpur"]
[Date "2005.08.25"]
[Round "10"]
[White "Lim, Chuin Hoong Ronnie"]
[Black "Chong, Chor Yuen"]
[Result "1-0"]
[WhiteElo "2239"]
[BlackElo "2127"]
[PlyCount "51"]
[EventDate "2005.08.20"]
[EventType "swiss"]
[EventRounds "11"]
[EventCountry "MAS"]
[SourceTitle "CBM 108 Extra"]
[Source "ChessBase"]
[SourceDate "2005.11.04"]
[SourceVersion "1"]
[SourceVersionDate "2005.11.04"]
[SourceQuality "1"]

1. e4 e5 2. Nf3 Nc6 3. d4 exd4 4. Nxd4 Bc5 5. Nxc6 Qf6 6. Qd2 dxc6 7. Nc3 Be6 8. Na4 Rd8 9. Bd3 Bd4 10. c3 b5 11. cxd4 Qxd4 12. Bc2 bxa4 13. Qxd4 Rxd4 14. Be3 Rb4 15. a3 Rb8 16. Bxa4 Ne7 17. b4 0-0 18. Rc1 Ra8 19. 0-0 a5 20. Bc5 Rfe8 21. Bxe7 Rxe7 22. Bxc6 Ra7 23. b5 Bd7 24. b6 cxb6 25. Bxd7 f6 26. Bc6 1-0

[Event "SEA Games rap 22nd"]
[Site "Ho Chi Minh City"]
[Date "2003.12.05"]
[Round "2.2"]
[White "Paragua, Mark"]
[Black "Lim, Chuin Hoong Ronnie"]
[Result "1-0"]
[WhiteElo "2500"]
[BlackElo "2276"]
[PlyCount "72"]
[EventDate "2003.12.05"]
[EventType "k.o. (rapid)"]
[EventRounds "5"]
[EventCountry "VIE"]
[SourceTitle "CBM 097 Extra"]
[Source "ChessBase"]
[SourceDate "2004.01.13"]
[SourceVersion "1"]
[SourceVersionDate "2004.01.13"]
[SourceQuality "1"]

1. e4 c5 2. Nc3 Nc6 3. Nf3 e5 4. Bc4 d6 5. d3 Be7 6. 0-0 Bg4 7. h3 Bh5 8. Nd5 a6 9. c3 Nf6 10. Ne3 Bg6 11. Nh4 Na5 12. Nhf5 0-0 13. Qf3 b5 14. Bd5 Nxd5 15. Nxd5 Bxf5 16. exf5 Bg5 17. f6 Bxf6 18. b4 e4 19. Nxf6+ Qxf6 20. Qxf6 gxf6 21. bxa5 exd3 22. Bf4 d5 23. Be3 d4 24. cxd4 c4 25. Rac1 Rac8 26. Bd2 Rfe8 27. Rfe1 Rxe1+ 28. Bxe1 Re8 29. Bb4 Re4 30. d5 Rd4 31. d6 d2 32. Rd1 Rxd6 33. Bxd6 c3 34. Ba3 b4 35. Bc1 dxc1Q 36. Rxc1 Kf8 1-0

[Event "Wah Seong IM"]
[Site "Penang"]
[Date "2000.03.04"]
[Round "8"]
[White "Lim, Chuin Hoong Ronnie"]
[Black "Wynn, Zaw Htung"]
[Result "0-1"]
[WhiteElo "2214"]
[BlackElo "2524"]
[PlyCount "110"]
[EventDate "2000.02.26"]
[EventType "tourn"]
[EventRounds "9"]
[EventCountry "MAS"]
[EventCategory "5"]
[SourceTitle "CBM 074 Extra"]
[Source "ChessBase"]
[SourceDate "2000.03.10"]
[SourceVersion "2"]
[SourceVersionDate "2000.03.10"]
[SourceQuality "1"]

1. d4 Nf6 2. c4 g6 3. Nc3 Bg7 4. e4 d6 5. Nf3 0-0 6. Be2 e5 7. 0-0 Na6 8. Be3 Ng4 9. Bg5 Qe8 10. h3 h6 11. Bc1 exd4 12. Nxd4 Nf6 13. Bf3 c6 14. Bf4 Qe7 15. Qd2 Kh7 16. Rad1 Nd7 17. Bg4 Ne5 18. Bxc8 Raxc8 19. b3 Nc5 20. Bg3 Rfe8 21. f4 Ned3 22. Qe3 Nxe4 23. Nxe4 Nc5 24. Ng5+ hxg5 25. Qxe7 Rxe7 26. fxg5 Ne4 27. Be1 Nxg5 28. Bh4 Re4 29. Bxg5 Bxd4+ 30. Kh1 Kg8 31. Bf6 c5 32. Bxd4 cxd4 33. Rf3 d5 34. cxd5 Rd8 35. Rc1 Re7 36. Rc5 Red7 37. Kg1 Rxd5 38. Rxd5 Rxd5 39. Kf2 f5 40. Ke2 Kf7 41. g4 Ke6 42. Kd3 Ke5 43. gxf5 gxf5 44. Rg3 Rc5 45. Kd2 Rc7 46. Rg8 Ke4 47. Re8+ Kf3 48. Kd3 f4 49. Kxd4 Kf2 50. Ke4 f3 51. Rf8 Ke2 52. Re8 Rf7 53. Kd5+ Kd3 54. Ke6 f2 55. Rd8+ Kc3 0-1

[Event "Wah Seong IM"]
[Site "Penang"]
[Date "2000.03.01"]
[Round "5"]
[White "Lim, Chuin Hoong Ronnie"]
[Black "Ardiansyah, Haji"]
[Result "1/2-1/2"]
[WhiteElo "2214"]
[BlackElo "2396"]
[PlyCount "69"]
[EventDate "2000.02.26"]
[EventType "tourn"]
[EventRounds "9"]
[EventCountry "MAS"]
[EventCategory "5"]
[SourceTitle "CBM 074 Extra"]
[Source "ChessBase"]
[SourceDate "2000.03.10"]
[SourceVersion "2"]
[SourceVersionDate "2000.03.10"]
[SourceQuality "1"]

1. e4 c5 2. Nf3 Nc6 3. c3 d5 4. exd5 Qxd5 5. d4 Nf6 6. Be3 cxd4 7. cxd4 e6 8. a3 Be7 9. Nc3 Qd8 10. Bc4 0-0 11. 0-0 b6 12. b4 Bb7 13. Qb3 Ng4 14. d5 exd5 15. Nxd5 Bd6 16. Rad1 Nce5 17. Nxe5 Nxe5 18. Be2 Qb8 19. Bf4 Kh8 20. Bg3 Ng6 21. Ne7 Bxg3 22. Nxg6+ fxg6 23. Qxg3 Qe8 24. Rfe1 Rd8 25. Rxd8 Qxd8 26. Rd1 Qf6 27. h3 h6 28. Rd6 Qe7 29. Bd3 g5 30. Bf1 Be4 31. Rd2 Qf6 32. Qe3 Bg6 33. Qd4 Qxd4 34. Rxd4 Rc8 35. Bd3 1/2-1/2

[Event "Wah Seong IM"]
[Site "Penang"]
[Date "2000.02.28"]
[Round "3"]
[White "Lim, Chuin Hoong Ronnie"]
[Black "Mas, Hafizulhelmi"]
[Result "1/2-1/2"]
[WhiteElo "2214"]
[BlackElo "2413"]
[PlyCount "48"]
[EventDate "2000.02.26"]
[EventType "tourn"]
[EventRounds "9"]
[EventCountry "MAS"]
[EventCategory "5"]
[SourceTitle "CBM 074 Extra"]
[Source "ChessBase"]
[SourceDate "2000.03.10"]
[SourceVersion "2"]
[SourceVersionDate "2000.03.10"]
[SourceQuality "1"]

1. e4 c5 2. Nf3 d6 3. d4 cxd4 4. Nxd4 Nf6 5. Nc3 a6 6. Be2 e5 7. Nb3 Be7 8. 0-0 0-0 9. Kh1 Be6 10. f4 exf4 11. Bxf4 Nc6 12. Qe1 Ne8 13. Rd1 Bh4 14. Bg3 Bf6 15. Nc5 Qe7 16. Nxe6 fxe6 17. Bc4 Rc8 18. Bb3 b5 19. Qf2 Na5 20. Qb6 Nxb3 21. cxb3 Bxc3 22. bxc3 Rxc3 23. Qxa6 Rxf1+ 24. Rxf1 Qd7 1/2-1/2

[Event "Wah Seong IM"]
[Site "Penang"]
[Date "2000.02.27"]
[Round "2"]
[White "Myo, Naing"]
[Black "Lim, Chuin Hoong Ronnie"]
[Result "1-0"]
[WhiteElo "2545"]
[BlackElo "2214"]
[PlyCount "101"]
[EventDate "2000.02.26"]
[EventType "tourn"]
[EventRounds "9"]
[EventCountry "MAS"]
[EventCategory "5"]
[SourceTitle "CBM 074 Extra"]
[Source "ChessBase"]
[SourceDate "2000.03.10"]
[SourceVersion "2"]
[SourceVersionDate "2000.03.10"]
[SourceQuality "1"]

1. d4 Nf6 2. c4 g6 3. Nc3 Bg7 4. e4 d6 5. h3 0-0 6. Bg5 Na6 7. Nf3 Qe8 8. Be2 e5 9. d5 Nc5 10. Nd2 a5 11. g4 Bd7 12. Be3 Qe7 13. h4 Ne8 14. h5 Bf6 15. Nf1 Bg5 16. Qd2 h6 17. Ng3 Bxe3 18. Qxe3 g5 19. b3 Kh7 20. 0-0 Nf6 21. f3 Qd8 22. Qd2 Qb8 23. Kg2 Qa7 24. Nd1 Qb8 25. Ne3 b5 26. cxb5 Bxb5 27. Rab1 Bxe2 28. Qxe2 Qa7 29. Rfc1 Nfd7 30. Ngf5 Rfe8 31. Qd2 f6 32. a3 a4 33. b4 Nb3 34. Qc3 Nxc1 35. Rxc1 Rac8 36. Nc4 Nb8 37. Na5 Qa6 38. Qd2 Qb5 39. Nc6 Na6 40. Na7 Qd7 41. Nxc8 Rxc8 42. Qd3 Ra8 43. Rc3 Ra7 44. Qc2 Ra8 45. Rc6 Ra7 46. Qxa4 Nb8 47. Qxa7 Nxc6 48. dxc6 Qxc6 49. Qf2 Qc4 50. Qb2 Qe6 51. Qc2 1-0